[Event "Pamplona Navarro-ch"]
[Site "Pamplona"]
[Date "2015.05.02"]
[Round "4"]
[White "Martin Fito, Angel Luis"]
[Black "Iturralde Olcoz, Sergio"]
[Result "1-0"]
[WhiteElo "1577"]
[BlackElo "1378"]
[PlyCount "58"]
[EventDate "2015.04.11"]
[EventType "swiss"]
[EventRounds "8"]
[EventCountry "ESP"]
[SourceTitle "EXT 2016"]
[Source "ChessBase"]
[SourceDate "2015.10.08"]
[SourceVersion "1"]
[SourceVersionDate "2015.10.08"]
[SourceQuality "1"]

1. d4 c5 2. Nf3 d5 3. e3 Bg4 4. h3 Bh5 5. g4 Bg6 6. Ne5 Nc6 7. Nxg6 hxg6 8. c4 cxd4 9. Qb3 e6 10. Qxb7 Qc8 11. Qb3 Rb8 12. Qc2 Nf6 13. cxd5 Nxd5 14. exd4 Ndb4 15. Qa4 Qd7 16. a3 Qxd4 17. Nc3 Rc8 18. axb4 Bxb4 19. Bd2 0-0 20. Bg2 Rfd8 21. Qc2 Qe5+ 22. Qe4 Qf6 23. Rd1 Rd4 24. Qe3 Ne5 25. 0-0 Bc5 26. Ne4 Qd8 27. Nxc5 Rxc5 28. Ba5 Rxa5 29. Qxd4 Rd5 1-0

[Event "Pamplona Navarro-ch"]
[Site "Pamplona"]
[Date "2015.04.25"]
[Round "3"]
[White "Iturralde Olcoz, Sergio"]
[Black "Arrese Igor Royuela, Alex"]
[Result "0-1"]
[WhiteElo "1378"]
[BlackElo "1697"]
[PlyCount "90"]
[EventDate "2015.04.11"]
[EventType "swiss"]
[EventRounds "8"]
[EventCountry "ESP"]
[SourceTitle "EXT 2016"]
[Source "ChessBase"]
[SourceDate "2015.10.08"]
[SourceVersion "1"]
[SourceVersionDate "2015.10.08"]
[SourceQuality "1"]

1. e4 c5 2. Nf3 e6 3. c4 g6 4. d4 Bg7 5. Be3 Nc6 6. Nc3 cxd4 7. Nxd4 Nge7 8. Ndb5 0-0 9. Qd2 f5 10. 0-0-0 fxe4 11. g4 a6 12. Nd6 b5 13. Ncxe4 bxc4 14. Bh6 Ne5 15. Bxg7 Kxg7 16. Qc3 N7c6 17. h4 Rf3 18. Qd2 Rb8 19. h5 Nb4 20. Qd4 Qa5 21. Bxc4 Nxa2+ 22. Bxa2 Qxa2 23. Qxe5+ Kg8 24. Ne8 Qc4+ 25. Nc3 Qf4+ 26. Qxf4 Rxf4 27. Rhf1 d5 28. Nd6 Bd7 29. Nde4 Rc8 30. Ng3 Ba4 31. Rde1 d4 32. Rxe6 dxc3 33. bxc3 Rxc3+ 34. Kb2 Rc2+ 35. Ka3 Bb5 36. Rfe1 Rfxf2 37. Rb1 Rc3+ 38. Kb4 Rxg3 39. hxg6 Rxg4+ 40. Ka5 Ra2+ 41. Kb6 Rxg6 42. Rxg6+ hxg6 43. Kc5 Rf2 44. Rg1 Kf7 45. Kb4 Kf6 0-1